Statystyki dla Polscy generałowie podczas II wojny światowej

Kliknij tutaj aby rozwiązać quiz!

Ogólne statystyki

  • Ten quiz został rozwiązany 322 razy
    (197 od ostatniego zresetowania)
  • Średni wynik to 6 z 28

Statystyki odpowiedzi

Stopień wojskowyNazwisko% Poprawnych
marszałek PolskiEdward Śmigły-Rydz
78%
generał dywizjiWładysław Anders
78%
generał dywizjiStanisław Maczek
71%
generał broniWładysław Sikorski
63%
generał brygadyStanisław Sosabowski
48%
generał broniKazimierz Sosnkowski
35%
generał dywizjiTadeusz Komorowski
34%
generał dywizjiTadeusz Kutrzeba
34%
generał brygadyLeopold Okulicki
27%
generał dywizjiJuliusz Rómmel
26%
generał brygadyFranciszek Kleeberg
16%
marszałek Polski (LWP)Konstanty Rokossowski
13%
generał broni (LWP)Zygmunt Berling
13%
generał dywizjiWładysław Bortnowski
12%
generał brygadyRoman Abraham
10%
generał dywizjiZygmunt Bohusz-Szyszko
9%
generał dywizjiAntoni Szylling
8%
generał dywizjiStanisław Kopański
8%
generał brygadyWincenty Kowalski
8%
generał broni (LWP)Karol Świerczewski
6%
generał dywizjiKazimierz Fabrycy
6%
generał brygadyAntoni Chruściel
5%
generał dywizjiTadeusz Piskor
5%
generał brygadyWacław Stachiewicz
3%
generał dywizjiEmil Krukowicz-Przedrzymirski
2%
generał armii (LWP)Stanisław Popławski
2%
generał brygadyJulian Filipowicz
1%
generał brygadyTadeusz Pełczyński
1%

Rozkład punktacji

Percentyl według liczby udzielonych odpowiedzi

Procent ludzi z każdym wynikiem

Twoja historia wyników

Nie rozwiązałeś tego quizu od ostatniego zresetowania